000 00470nam a2200193Ia 4500
003 LK-CoDNM
005 20240826142858.0
008 010623t1922 xxu||||| |||| 00| 1 eng d
040 _aLK-CoDNM
_dLK-CoDNM
_eLK-CoDNM
041 _aeng
080 _a22
_bK7
100 _aTagore, Rabindranath
245 _aCreative Unity
260 _bMacmillan and co. limited
_aLondon
_c1922
300 _b203p. : 20 cm
650 _aIndian folk
650 _aPoets
942 _cBK
999 _c90954
_d90954